HIV/AIDS education (Record no. 153375)

MARC details
000 -LEADER
fixed length control field 00582nam a22001937a 4500
003 - CONTROL NUMBER IDENTIFIER
control field dpl
005 - DATE AND TIME OF LATEST TRANSACTION
control field 20180704154513.0
008 - FIXED-LENGTH DATA ELEMENTS--GENERAL INFORMATION
fixed length control field 180704b xxu||||| |||| 00| 0 eng d
020 ## - INTERNATIONAL STANDARD BOOK NUMBER
International Standard Book Number 8176488852
Terms of availability 0.00
035 ## - SYSTEM CONTROL NUMBER
System control number B-158787
040 ## - CATALOGING SOURCE
Original cataloging agency DPL
Language of cataloging EN
Transcribing agency 0
082 ## - DEWEY DECIMAL CLASSIFICATION NUMBER
Classification number 614.5593
Item number MIS
100 ## - MAIN ENTRY--PERSONAL NAME
Personal name Mishra, R.C.
245 ## - TITLE STATEMENT
Title HIV/AIDS education
Statement of responsibility, etc /by R. C. Mishra
260 ## - PUBLICATION, DISTRIBUTION, ETC. (IMPRINT)
Place of publication, distribution, etc New Delhi
Name of publisher, distributor, etc A.P.H. Publishing Co.
Date of publication, distribution, etc 2005
270 ## - ADDRESS
Address APH Publishing Co., 5, Ansari Road, Darya Ganj
City New Delhi
State or province 110002
300 ## - PHYSICAL DESCRIPTION
Extent xii,325p.
Dimensions 22cm.
942 ## - ADDED ENTRY ELEMENTS (KOHA)
Source of classification or shelving scheme Dewey Decimal Classification
Koha item type English Books
Classification part 614.5993
Call number suffix MIS
Holdings
Withdrawn status Lost status Source of classification or shelving scheme Damaged status Not for loan Collection code Home library Current library Date acquired Source of acquisition Cost, normal purchase price Total Checkouts Full call number Barcode Date last seen Cost, replacement price Price effective from Koha item type
    Dewey Decimal Classification     Non-fiction Patel Nagar Patel Nagar 04/07/2018 BPPD/Pub 0.00   614.5993 MIS B-158787 04/07/2018 0.00 04/07/2018 English Books
    Dewey Decimal Classification     Non-fiction Sarojini Nagar Sarojini Nagar 28/03/2019       614.5993 MIS B-158788 28/03/2019   28/03/2019 English Books

© Delhi Public Library
Hit Counter
free hit counter